000 00542nam a22001457a 4500
003 SGT
082 _a617.69
_bT23K
100 _aKusum
245 _aTo evaluate and compare the stress distribution on Dental implants in All-On-Four situation in Atrophic Mandible with change in superstructure materials
_bA FEA Study
260 _aGurugram, Haryana
_bSGT University
_c2023
300 _a97
650 _aProsthodontics, Crown & Bridge and Oral Implantology
653 _aProsthodontics, Crown & Bridge and Oral Implantology
942 _2ddc
_cTH
999 _c23731
_d23731